| 000 | 01125naa a22003017a 4500 | ||
|---|---|---|---|
| 001 | BR8305591 | ||
| 003 | BR-BrBNA | ||
| 005 | 20240918175349.0 | ||
| 007 | ta | ||
| 008 | 230509b bl.||||| |||| 00| 0 por d | ||
| 040 |
_aBR-BrBNA _bpor _cBiblioteca Nacional de Agricultura |
||
| 041 | _a(Pt) | ||
| 072 |
_aP10; D50 _b/GZ35 |
||
| 090 | _aP10 BR8305591 | ||
| 100 | 1 | _aPompeu, C.T. | |
| 111 | 1 |
_aSeminario Internacional de Gestao de Recursos Hidricos _cBrasilia, DF (Brazil) _d21 Mar 1983 |
|
| 245 | 1 | _aAnalise da experiencia Internacional [recurso hidrico, bacia hidrografica] | |
| 260 | 3 |
_aBrasilia, DF (Brasil): _c1983. |
|
| 500 | _aAnais do Seminario Internacional de Gestao de Recursos Hidricos. v. 2 Brasilia, DF (Brasil): 1983. p. 293-334 (BR8305591-AM)P10 | ||
| 650 | _aRECURSO HIDRICO | ||
| 650 | _aBACIA HIDROGRAFICA | ||
| 650 | _aADMINISTRACAO | ||
| 650 | _aPLANEJAMENTO | ||
| 650 | _aDECRETO | ||
| 773 | 0 |
_tAnais do Seminario Internacional de Gestao de Recursos Hidricos. v. 2 _wP10 BR8305591 _gBrasilia, DF (Brasil), 1983. p. 293-334 |
|
| 909 |
_a202404 _bLucia _c55 _dLucia Elande |
||
| 942 |
_cAM _2AGRIS |
||
| 999 |
_c316332 _d316332 |
||